Galloping gold #11 / Terri Farley.
Available copies
- 1 of 1 copy available at LARL/NWRL Consortium.
- 1 of 1 copy available at Lake Agassiz Regional Library. (Show preferred library)
Current holds
0 current holds with 1 total copy.
Show Only Available Copies
| Location | Call Number / Copy Notes | Barcode | Shelving Location | Status | Due Date |
|---|---|---|---|---|---|
| Ada Public Library | J FAR (Text) | 33500009981085 | Main | Available | - |
Record details
- ISBN: 0061626457 (pbk.)
- ISBN: 9780061626456 (pbk.)
- Physical Description: 228 p. : map, geneal. table ; 20 cm.
- Edition: 1st Harper Trophy ed.
- Publisher: New York : HarperTrophy, c2009.
Content descriptions
| General Note: | "Welcome to Hawaii"--Cover. |
| Target Audience Note: | Ages 10 and up. |
Search for related items by subject
Search for related items by series
| LDR | 01751cam a2200397Ia 4500 | ||
|---|---|---|---|
| 001 | 101553 | ||
| 003 | LARL_NWRL_CONSORTIUM | ||
| 005 | 20090303160218.0 | ||
| 008 | 080626s2009 nyubj c 000 1 eng d | ||
| 020 | . | ‡a0061626457 (pbk.) | |
| 020 | . | ‡a9780061626456 (pbk.) | |
| 035 | . | ‡a(OCoLC)232977743 | |
| 100 | 1 | . | ‡aFarley, Terri. ‡0(LARL_NWRL_CONSORTIUM)139022 |
| 245 | 1 | 0. | ‡aGalloping gold ‡n#11 / ‡cTerri Farley. |
| 250 | . | ‡a1st Harper Trophy ed. | |
| 260 | . | ‡aNew York : ‡bHarperTrophy, ‡cc2009. | |
| 300 | . | ‡a228 p. : ‡bmap, geneal. table ; ‡c20 cm. | |
| 490 | 0 | . | ‡aPhatom stallion, Wild Horse Island ; ‡v11 |
| 500 | . | ‡a"Welcome to Hawaii"--Cover. | |
| 521 | . | ‡aAges 10 and up. | |
| 650 | 0. | ‡aAnimal rescue ‡vJuvenile fiction. | |
| 650 | 0. | ‡aWild horses ‡vJuvenile fiction. | |
| 650 | 0. | ‡aAnimal behavior ‡vJuvenile fiction. | |
| 650 | 0. | ‡aHorse racing ‡vJuvenile fiction. | |
| 650 | 0. | ‡aRanch life ‡vJuvenile fiction. | |
| 651 | 0. | ‡aHawaii ‡vJuvenile fiction. | |
| 901 | . | ‡a101553 ‡bOCLC ‡c101553 ‡tbiblio | |

Add to basket
Permalink
Disable Highlighting